Návrh postupu finančnej analýzy pre vybraný podnik – teória

Finančná analýza podniku a návrh jej postupu, ktorého cieľom je zhodnotiť finančnú situáciu podniku a jeho výkonnosť na základe relatívnych ukazovateľov a analýzy výkazov účtovnej závierky. Funkcie finančnej analýzy – poznávacia, hodnotiaca a rozhodovacia.

Salvato in:
Dettagli Bibliografici
Autore principale: Moravčíková, Elena, 1967-
Natura: Capitolo di libro
Lingua:slovacco
Soggetti:
Tags: Aggiungi Tag
Nessun Tag, puoi essere il primo ad aggiungerne!!

MARC

LEADER 00000nla a2200000 4500
001 0199350
005 20240502073355.6
041 0 |a slo 
044 |a SK 
245 1 0 |a Návrh postupu finančnej analýzy pre vybraný podnik – teória  |c Elena Moravčíková 
520 |a Finančná analýza podniku a návrh jej postupu, ktorého cieľom je zhodnotiť finančnú situáciu podniku a jeho výkonnosť na základe relatívnych ukazovateľov a analýzy výkazov účtovnej závierky. Funkcie finančnej analýzy – poznávacia, hodnotiaca a rozhodovacia. 
610 2 0 |a hospodárstvo podniku finančné 
610 2 0 |a situácia finančná podniku 
610 2 0 |a cash flow 
610 2 0 |a analýza finančná 
610 2 0 |a závierka účtovná 
100 1 |a Moravčíková, Elena, 1967-